Statistics for Taylor Swift - Welcome to New York Lyrics

Click here to take the quiz!

General Stats

  • This quiz has been taken 239 times
  • The average score is 297 of 332

Answer Stats

Answer% Correct
I
100%
a
98%
we
97%
for
96%
it
96%
It's
96%
it's
96%
New
96%
new
96%
the
96%
The
96%
to
96%
Welcome
96%
York
96%
you
96%
been
95%
waiting
94%
And
93%
and
93%
so
93%
So
93%
me
91%
this
91%
When
91%
Boys
89%
boys
89%
girls
89%
are
88%
lights
88%
sound
88%
want
88%
bright
87%
dance
87%
never
87%
they
87%
beat
86%
can
86%
here
86%
blind
85%
But
85%
but
85%
could
85%
Everybody
84%
soundtrack
84%
before
83%
is
83%
who
83%
in
78%
Forevermore
77%
forevermore
77%
heard
77%
said
77%
Searching
77%
more
76%
something
76%
else
75%
love
75%
Walking
74%
was
74%
apartment
73%
them
73%
through
73%
village
73%
floors
72%
someone
72%
any
71%
crowd
71%
hearts
71%
on
71%
our
71%
put
71%
wanted
69%
bags
68%
broken
68%
Like
68%
first
67%
anything
66%
of
66%
aglow
65%
dropped
65%
hadn't
65%
Took
65%
guessing
64%
change
63%
drawer
63%
keeps
63%
under
63%
real
62%
wouldn't
62%
coats
60%
crazy
60%
know
60%
great
58%
heartbeats
58%
Kaleidoscope
58%
drives
57%
loud
51%

Score Distribution

Percentile by Number Answered

Percent of People with Each Score

Your Score History

You have not taken this quiz